00350nam a22001457a 450000500170000000800410001702000170005804100080007508200160008310000160009924500450011526000210016030000080018165000150018920180221121709.0160519b xxu||||| |||| 00| 0 eng d a140-392859-2 aeng b3138a174.4 aMathur, U C aCorporate Governance and Business Ethics bMac Millanc2005 a306 aManagement